| 000 | nam a22 a 4500 | ||
|---|---|---|---|
| 999 |
_c456 _d456 |
||
| 003 | AKMAL | ||
| 005 | 20170504091456.0 | ||
| 008 | 170504s2004 my a e b 000 0 may d | ||
| 020 |
_a9831927702 (kkt.) : _cRM28.00 |
||
| 020 | _a9789833585151 | ||
| 040 | _aAKMAL | ||
| 082 | 0 | 4 |
_a152.4 EQP _222 |
| 082 | 0 | 4 | _a152.2 MOH |
| 090 | 0 | 0 |
_a152.4 _bEQP |
| 090 | 0 | 0 |
_a152.2 _bMOH |
| 245 | 0 | 0 |
_aEQ : _bpanduan meningkatkan kecerdasan emosi / _ceditor Mohd. Azhar Abd. Hamid |
| 260 |
_aBentong, Pahang : _bPTS Publications & Distributors, _c2004 |
||
| 260 |
_aBentong, Pahang : _bPTS Publications & Distributors, _c2006 |
||
| 300 |
_avi, 275ms. : _bil. ; _c23cm |
||
| 504 | _aBibliografi: ms. 263-272 | ||
| 650 | 2 | 0 |
_aEmotions and cognition _91038 |
| 650 | 2 | 0 |
_aEmotions _xSocial aspects _91039 |
| 650 | 1 | 0 |
_aEmotional intelligence _91040 |
| 700 | 0 |
_aMohd. Azhar Abd. Hamid _91041 |
|
| 942 |
_2ddc _cBOOK |
||